[Event "I Open Distrito de Chamartin 2012"]
[Site "Madrid ESP"]
[Date "2012.09.15"]
[Round "9.7"]
[White "Castellanos, Jorge"]
[Black "Avendano Mateos, Jose"]
[Result "1-0"]
[WhiteElo "2201"]
[BlackElo "2014"]
[PlyCount "121"]
[EventDate "2012.09.09"]
[EventType "swiss"]
[EventRounds "9"]
[EventCountry "ESP"]
[Source "lmi"]
[SourceDate "2012.09.09"]

1. e4 c6 2. c4 d5 3. cxd5 cxd5 4. exd5 Nf6 5. Bb5+ Nbd7 6. Nc3 a6 7. Bxd7+ Qxd7
8. Qb3 g6 9. Nf3 Bg7 10. O-O O-O 11. a4 Rd8 12. Re1 Bf8 13. Ne5 Qd6 14. Nc4 Qf4
15. d3 Qh4 16. Ne5 Nxd5 17. Nxd5 Be6 18. Qb4 Qxb4 19. Nxb4 a5 20. Na2 f6 21.
Nf3 Bb3 22. Be3 Bxa4 23. Nc3 Be8 24. Bb6 Rxd3 25. Rxa5 Rc8 26. Rc5 Bc6 27. Rd1
Rxd1+ 28. Nxd1 e5 29. Rc1 Kf7 30. Ne1 e4 31. Be3 h6 32. Nc3 f5 33. h4 Be7 34.
g3 g5 35. hxg5 hxg5 36. Nd5 Bd8 37. Nb4 Bd7 38. Rxc8 Bxc8 39. Nec2 Kg6 40. Nd5
Bd7 41. Nd4 Kh5 42. Kf1 Kg4 43. Ke2 Kh3 44. b4 Kg2 45. b5 Be8 46. b6 Bh5+ 47.
Ke1 Bf7 48. Nc7 f4 49. gxf4 gxf4 50. Bxf4 Be7 51. Nce6 Bb4+ 52. Ke2 Ba5 53. Bc7
Kg1 54. Ng5 Bd5 55. Nh3+ Kh1 56. Ke3 Be1 57. Nf4 Bc4 58. Nc2 Bc3 59. Kxe4 Kg1
60. Nh3+ Kg2 61. Ne3+ 1-0

[Event "I Open Distrito de Chamartin 2012"]
[Site "Madrid ESP"]
[Date "2012.09.15"]
[Round "9.8"]
[White "Gonzalez Mateos, Rafael"]
[Black "Garcia Sanz, Eduardo"]
[Result "0-1"]
[WhiteElo "2161"]
[BlackElo "1988"]
[PlyCount "60"]
[EventDate "2012.09.09"]
[EventType "swiss"]
[EventRounds "9"]
[EventCountry "ESP"]
[Source "lmi"]
[SourceDate "2012.09.09"]

1. d4 d5 2. c3 e6 3. Nf3 Nf6 4. Bg5 h6 5. Bh4 Nbd7 6. Nbd2 Be7 7. e3 c5 8. Bd3
Qb6 9. Qc2 c4 10. Be2 Qc6 11. Ne5 Nxe5 12. dxe5 Nd7 13. Bxe7 Kxe7 14. f4 Qb6
15. O-O Qxe3+ 16. Rf2 Nc5 17. Nf1 Qe4 18. Qd2 Qg6 19. Qd4 Ne4 20. Rf3 Rd8 21.
Ne3 f5 22. exf6+ Qxf6 23. Qd1 Kf8 24. f5 exf5 25. Nxd5 Qc6 26. Bxc4 Qxc4 27.
Rd3 Be6 28. b3 Qc5+ 29. Ne3 Rxd3 30. Qxd3 Qxc3 0-1

[Event "I Open Distrito de Chamartin 2012"]
[Site "Madrid ESP"]
[Date "2012.09.15"]
[Round "9.9"]
[White "Acuna Celada, Ivan"]
[Black "Alonso Aranzabal, Inigo"]
[Result "1-0"]
[WhiteElo "2152"]
[BlackElo "1976"]
[PlyCount "61"]
[EventDate "2012.09.09"]
[EventType "swiss"]
[EventRounds "9"]
[EventCountry "ESP"]
[Source "lmi"]
[SourceDate "2012.09.09"]

1. e4 e5 2. Nf3 Nc6 3. Bb5 a6 4. Ba4 Nf6 5. O-O Be7 6. Re1 b5 7. Bb3 d6 8. c3
O-O 9. h3 Na5 10. Bc2 c5 11. d4 Nd7 12. Nbd2 exd4 13. cxd4 Nc6 14. a4 Rb8 15.
axb5 axb5 16. Nf1 Bf6 17. Bf4 Be7 18. Ne3 Nb4 19. Nf5 Nxc2 20. Qxc2 Rb6 21. Ra8
Re8 22. dxc5 Nxc5 23. b4 Ra6 24. Rb8 Qc7 25. Rxb5 Qa7 26. bxc5 Bd7 27. Nxe7+
Rxe7 28. cxd6 Ra2 29. Rb8+ Qxb8 30. dxe7 Rxc2 31. Bxb8 1-0

[Event "I Open Distrito de Chamartin 2012"]
[Site "Madrid ESP"]
[Date "2012.09.15"]
[Round "9.10"]
[White "Collado Barbas, Laura"]
[Black "Noval Toldos, Francisco Javier"]
[Result "0-1"]
[WhiteElo "2149"]
[BlackElo "1956"]
[PlyCount "166"]
[EventDate "2012.09.09"]
[EventType "swiss"]
[EventRounds "9"]
[EventCountry "ESP"]
[Source "lmi"]
[SourceDate "2012.09.09"]

1. d4 Nf6 2. c4 e6 3. Nc3 Bb4 4. Qc2 O-O 5. e4 d5 6. e5 Ne4 7. Bd3 c5 8. Nf3
cxd4 9. Nxd4 Nc5 10. Bxh7+ Kh8 11. h4 dxc4 12. Be3 Nbd7 13. Nf3 Qa5 14. h5 Nd3+
15. Bxd3 cxd3 16. Qxd3 Nxe5 17. Nxe5 Qxe5 18. h6 g6 19. O-O-O Bxc3 20. bxc3 Kh7
21. f4 Qc7 22. Qd4 f6 23. Qb4 Rf7 24. Bc5 b6 25. Bd6 Qc6 26. Bf8 Ba6 27. Bg7
Qxg2 28. Kb1 Bd3+ 29. Ka1 Qe4 30. Qa3 Qb7 31. Rh2 Bb5 32. Qb3 Qc6 33. Rg1 Bd3
34. Rd2 Be4 35. Rgd1 Bd5 36. Qa3 Re8 37. Rd4 b5 38. Qb2 Rc8 39. R4d3 Qc4 40.
Qf2 Rc6 41. f5 Ra6 42. fxg6+ Kxg6 43. Rg3+ Kh7 44. Rxd5 Qxd5 45. Qc2+ Qf5 46.
Qe2 Ra4 47. Rf3 Rf4 48. Rxf4 Qxf4 49. Qd3+ Qf5 50. Qd8 Qf1+ 51. Kb2 Qe2+ 52.
Ka3 Rxg7 53. hxg7 Kxg7 54. Qe7+ Kg6 55. Qxa7 f5 56. Qc7 Kg5 57. Qg3+ Kf6 58.
Qh4+ Kg6 59. Qg3+ Qg4 60. Qe5 Qa4+ 61. Kb2 Qc4 62. Qg3+ Kf6 63. Qh3 f4 64. Qh8+
Kf5 65. Qh7+ Kg4 66. Qg6+ Kf3 67. Qh5+ Ke3 68. Qe5+ Kf2 69. Kc1 Kf1 70. Qh8 b4
71. Qh3+ Kf2 72. Qh2+ Kf3 73. Qh3+ Ke4 74. Qg2+ Ke5 75. Qg5+ Ke4 76. Qg2+ Ke3
77. Qd2+ Kf3 78. Qd1+ Kg3 79. Qg1+ Kh4 80. Qe1+ Kg5 81. Qe5+ Kg6 82. Qd6 Qxc3+
83. Kd1 Qa1+ 0-1

[Event "I Open Distrito de Chamartin 2012"]
[Site "Madrid ESP"]
[Date "2012.09.15"]
[Round "9.11"]
[White "Nunez Miranda, Adrian"]
[Black "Unciti Juan, Javier"]
[Result "0-1"]
[WhiteElo "1971"]
[BlackElo "2143"]
[PlyCount "100"]
[EventDate "2012.09.09"]
[EventType "swiss"]
[EventRounds "9"]
[EventCountry "ESP"]
[Source "lmi"]
[SourceDate "2012.09.09"]

1. e4 e6 2. d3 d5 3. Qe2 Be7 4. f4 c5 5. Nf3 Nc6 6. a4 Nf6 7. c3 h5 8. e5 Ng4
9. Nbd2 h4 10. b3 Qa5 11. Bb2 Bd7 12. Rc1 Qb6 13. Rb1 O-O-O 14. d4 cxd4 15.
Nxd4 Nxd4 16. cxd4 Nh6 17. Bc3 Nf5 18. Rc1 Kb8 19. a5 Qc7 20. Bb2 Qxa5 21. Ra1
Qb6 22. Qd3 a6 23. Nf3 Bb5 24. Qd2 Bxf1 25. Kxf1 Qxb3 26. Bc3 Rc8 27. Rc1 Rc6
28. Kf2 Rhc8 29. Qb2 Rxc3 30. Qxb3 Rxb3 31. Rxc8+ Kxc8 32. Rc1+ Kd7 33. Rc2 Bb4
34. Ng5 Nxd4 35. Rc1 Rb2+ 36. Kf1 f6 37. exf6 gxf6 38. Nh7 Be7 39. Rd1 Nf5 40.
Kg1 Bc5+ 41. Kh1 Ke7 42. h3 Kf7 43. Rc1 b6 44. Re1 Kg7 45. Ng5 fxg5 46. fxg5 a5
47. g6 a4 48. Rxe6 Rb1+ 49. Kh2 Bg1+ 50. Kh1 Ng3# 0-1

[Event "I Open Distrito de Chamartin 2012"]
[Site "Madrid ESP"]
[Date "2012.09.15"]
[Round "9.12"]
[White "De Dompablo Fantova, Juan"]
[Black "Nieto De La Cruz, Julio"]
[Result "1/2-1/2"]
[WhiteElo "1656"]
[BlackElo "2139"]
[PlyCount "79"]
[EventDate "2012.09.09"]
[EventType "swiss"]
[EventRounds "9"]
[EventCountry "ESP"]
[Source "lmi"]
[SourceDate "2012.09.09"]

1. e4 g6 2. d4 Bg7 3. Be3 d6 4. Nc3 Nd7 5. Qd2 c5 6. Nf3 Ngf6 7. h3 O-O 8. Bd3
a6 9. O-O b5 10. e5 cxd4 11. Bxd4 dxe5 12. Nxe5 Bb7 13. Nxd7 Qxd7 14. Be3 Rfd8
15. Rad1 Rac8 16. Qe2 Qc6 17. f3 b4 18. Ne4 Nd5 19. Bc1 f5 20. Ng5 e5 21. h4
Nf6 22. Bc4+ Nd5 23. b3 h6 24. Nh3 Qb6+ 25. Kh1 Kh7 26. Bxd5 Bxd5 27. Bb2 Qc7
28. Rfe1 e4 29. Bxg7 Qxg7 30. Rxd5 Rxd5 31. Qxa6 exf3 32. Qxc8 fxg2+ 33. Kxg2
Rd2+ 34. Kf1 f4 35. Qe8 Rd7 36. Qe5 Qf8 37. Qe6 Rc7 38. Qe5 Rf7 39. Qe8 Qg7 40.
Qe5 1/2-1/2

[Event "I Open Distrito de Chamartin 2012"]
[Site "Madrid ESP"]
[Date "2012.09.15"]
[Round "9.15"]
[White "Gonzalez Pabollet, Jesus Maria"]
[Black "Alvarez Abejon, Amilcar"]
[Result "0-1"]
[WhiteElo "1978"]
[BlackElo "2105"]
[PlyCount "72"]
[EventDate "2012.09.09"]
[EventType "swiss"]
[EventRounds "9"]
[EventCountry "ESP"]
[Source "lmi"]
[SourceDate "2012.09.09"]

1. e4 e5 2. Nf3 Nc6 3. Bb5 Nf6 4. O-O Nxe4 5. Re1 Nd6 6. Nxe5 Nxe5 7. Rxe5+ Be7
8. d4 Nxb5 9. Rxb5 d5 10. Bf4 O-O 11. Nd2 Bf6 12. Nf1 Re8 13. Ng3 g6 14. Qd2 c6
15. Rb3 b6 16. Re3 Rxe3 17. Qxe3 Be6 18. Be5 c5 19. Rd1 Rc8 20. c3 h5 21. Ne2
Rc6 22. Nf4 c4 23. Re1 Bg5 24. Qf3 b5 25. Nh3 Bxh3 26. Qxh3 Re6 27. Kf1 Qe7 28.
Rb1 f6 29. Bb8 Bd2 30. g3 Kg7 31. Bxa7 Re2 32. Bc5 Rxf2+ 33. Kg1 Qe8 34. Kxf2
Qe3+ 35. Kg2 Qe4+ 36. Kf1 Qf3+ 0-1

[Event "I Open Distrito de Chamartin 2012"]
[Site "Madrid ESP"]
[Date "2012.09.15"]
[Round "9.16"]
[White "De La Colina Fernandez, Gerardo"]
[Black "Camarero Izquierdo, Juan C"]
[Result "0-1"]
[WhiteElo "2016"]
[BlackElo "1899"]
[PlyCount "66"]
[EventDate "2012.09.09"]
[EventType "swiss"]
[EventRounds "9"]
[EventCountry "ESP"]
[Source "lmi"]
[SourceDate "2012.09.09"]

1. d4 f5 2. Nc3 e6 3. e4 Bb4 4. Bd3 Bxc3+ 5. bxc3 fxe4 6. Bxe4 Nf6 7. Bd3 O-O
8. Ne2 Ng4 9. Bf4 Nc6 10. f3 e5 11. fxg4 exf4 12. O-O Qg5 13. h3 h5 14. gxh5 f3
15. g4 Qe3+ 16. Kh2 fxe2 17. Bc4+ d5 18. Qxe2 Qxe2+ 19. Bxe2 Be6 20. Kg3 Na5
21. Bd3 Nc4 22. Rae1 Rxf1 23. Rxf1 Nd2 24. Re1 Ne4+ 25. Bxe4 dxe4 26. a3 Bd5
27. c4 Bxc4 28. Rxe4 Kf8 29. g5 Re8 30. Rh4 Re3+ 31. Kf4 Rxa3 32. h6 gxh6 33.
Rxh6 Ra6 0-1

[Event "I Open Distrito de Chamartin 2012"]
[Site "Madrid ESP"]
[Date "2012.09.15"]
[Round "9.17"]
[White "Baeza Escudero, Javier"]
[Black "Garcia Esteban, Ignacio"]
[Result "1/2-1/2"]
[WhiteElo "2008"]
[BlackElo "1940"]
[PlyCount "107"]
[EventDate "2012.09.09"]
[EventType "swiss"]
[EventRounds "9"]
[EventCountry "ESP"]
[Source "lmi"]
[SourceDate "2012.09.09"]

1. e4 c5 2. Nf3 Nc6 3. d4 cxd4 4. Nxd4 d6 5. Bg5 Qa5+ 6. Bd2 Qd8 7. Bc3 Nf6 8.
Nd2 Bd7 9. Be2 e6 10. O-O Be7 11. Kh1 O-O 12. f4 Nxd4 13. Bxd4 Bc6 14. Bf3 Qc7
15. Be3 d5 16. e5 Ne4 17. c3 Rad8 18. Qc2 Bb5 19. Rfe1 Nc5 20. a4 Ba6 21. b4
Bd3 22. Qb2 Ne4 23. Bd4 Nxd2 24. Qxd2 Bc4 25. a5 b6 26. Qe3 Rb8 27. Ra3 Rb7 28.
Rea1 bxa5 29. Rxa5 a6 30. Be2 Bb5 31. h3 g6 32. g3 Kg7 33. g4 h6 34. Bd1 Qc4
35. Bc2 Bxb4 36. R5a2 Be7 37. Kg2 Rc8 38. f5 Bc5 39. f6+ Kh7 40. Ba4 Bxd4 41.
Bxb5 axb5 42. Qxd4 Qxd4 43. cxd4 g5 44. Ra8 Rxa8 45. Rxa8 b4 46. Ra2 b3 47. Rb2
Kg6 48. Kf3 h5 49. Ke3 hxg4 50. hxg4 Rb8 51. Kd2 Rh8 52. Rxb3 Rh2+ 53. Ke1 Rg2
54. Rb8 1/2-1/2

[Event "I Open Distrito de Chamartin 2012"]
[Site "Madrid ESP"]
[Date "2012.09.15"]
[Round "9.18"]
[White "Cucarella Montell, Angels"]
[Black "Tipter, Napoleon"]
[Result "1-0"]
[WhiteElo "1967"]
[BlackElo "2002"]
[PlyCount "105"]
[EventDate "2012.09.09"]
[EventType "swiss"]
[EventRounds "9"]
[EventCountry "ESP"]
[Source "lmi"]
[SourceDate "2012.09.09"]

1. e4 c5 2. Nf3 Nc6 3. d4 cxd4 4. Nxd4 Nf6 5. Nc3 e5 6. Ndb5 a6 7. Nd6+ Bxd6 8.
Qxd6 Qb6 9. Bd3 Qb4 10. Qxb4 Nxb4 11. Bg5 b5 12. O-O-O Ng4 13. Bh4 f6 14. Be2
Nh6 15. a3 Nc6 16. Nd5 Ra7 17. c3 Ne7 18. f3 Nxd5 19. Rxd5 Bb7 20. Rd2 Bc6 21.
Bd1 Nf7 22. Bb3 Nd8 23. Bf2 Rb7 24. Rhd1 Rb8 25. Bc5 Nb7 26. Ba7 Ra8 27. Bb6 a5
28. Bd5 Rc8 29. Kb1 g6 30. Be3 Rd8 31. f4 exf4 32. Bxf4 Rf8 33. e5 g5 34. Be3
h6 35. exf6 Rxf6 36. h4 Rf5 37. Bxc6 dxc6 38. Rxd8+ Nxd8 39. Rd6 c5 40. Rxh6
gxh4 41. Rxh4 Ne6 42. Kc2 a4 43. Re4 Kd7 44. g4 Rf3 45. Bd2 Kd6 46. Re3 Rf2 47.
Rh3 Rg2 48. Rh4 c4 49. Rh5 Nc5 50. Rh6+ Kd5 51. Rh5+ Kc6 52. Rh6+ Kc7 53. Rh7+
1-0

[Event "I Open Distrito de Chamartin 2012"]
[Site "Madrid ESP"]
[Date "2012.09.15"]
[Round "9.19"]
[White "Garcia Salamero, Hector"]
[Black "Lopez Moll, Jose Manuel"]
[Result "1-0"]
[WhiteElo "1868"]
[BlackElo "1991"]
[PlyCount "91"]
[EventDate "2012.09.09"]
[EventType "swiss"]
[EventRounds "9"]
[EventCountry "ESP"]
[Source "lmi"]
[SourceDate "2012.09.09"]

1. e4 e5 2. Nf3 Nc6 3. Bb5 a6 4. Ba4 Nf6 5. O-O b5 6. Bb3 Bc5 7. d3 d6 8. Be3
Bb6 9. c3 O-O 10. Nbd2 Na5 11. Bxb6 Nxb3 12. Bxc7 Qxc7 13. axb3 Nh5 14. Nxe5
Nf4 15. Nef3 Nxd3 16. Nd4 g6 17. Nxb5 Qb8 18. Nd4 Bb7 19. f3 Rd8 20. Qe2 Nf4
21. Qe3 d5 22. e5 Nh5 23. f4 Re8 24. Qf2 Ng7 25. g4 Qc7 26. Qg3 Bc8 27. N2f3 h5
28. h3 Qb6 29. Rf2 f6 30. gxh5 fxe5 31. Nxe5 gxh5 32. Kh2 Qf6 33. Rg1 Kh7 34.
Rfg2 Ra7 35. Qg5 Rf8 36. Rf1 Re7 37. Ng6 Ref7 38. Nxf8+ Rxf8 39. Rfg1 Qxg5 40.
Rxg5 Rf7 41. f5 Kh6 42. f6 Ne8 43. Rg8 Bd7 44. Rh8+ Rh7 45. Rxh7+ Kxh7 46. f7
1-0

[Event "I Open Distrito de Chamartin 2012"]
[Site "Madrid ESP"]
[Date "2012.09.15"]
[Round "9.20"]
[White "Largo Barbero, Benito"]
[Black "Martin Martin, Luis Vicente"]
[Result "1/2-1/2"]
[WhiteElo "1885"]
[BlackElo "2069"]
[PlyCount "118"]
[EventDate "2012.09.09"]
[EventType "swiss"]
[EventRounds "9"]
[EventCountry "ESP"]
[Source "lmi"]
[SourceDate "2012.09.09"]

1. Nc3 d5 2. d4 Nf6 3. Bg5 h6 4. Bh4 Bf5 5. e3 c6 6. f4 Qb6 7. Rb1 Nbd7 8. Bd3
Ne4 9. Nxe4 dxe4 10. Be2 Qa5+ 11. c3 Qxa2 12. g4 Bh7 13. Nh3 e6 14. O-O Be7 15.
Bxe7 Kxe7 16. f5 exf5 17. gxf5 Qd5 18. c4 Qd6 19. Qc2 Nf6 20. Rbd1 Rhe8 21. Rf2
Kf8 22. Rdf1 c5 23. d5 Re5 24. Rf4 Qd7 25. R4f2 Bxf5 26. Nf4 Bg4 27. Bxg4 Qxg4+
28. Rg2 Qh4 29. Qc3 Rg5 30. Ne6+ fxe6 31. Rxf6+ Kg8 32. Rff2 exd5 33. cxd5 b6
34. Rxg5 Qxg5+ 35. Rg2 Qe7 36. d6 Qf7 37. Qe5 Re8 38. Qg3 Rd8 39. h4 Qf6 40.
Rd2 Rd7 41. Qg4 Rxd6 42. Rxd6 Qxd6 43. Qxe4 Qf6 44. b3 Qf7 45. Kg2 Qxb3 46.
Qe8+ Kh7 47. h5 Qd5+ 48. e4 Qg8 49. Qg6+ Kh8 50. Kg3 c4 51. e5 c3 52. Qc6 c2
53. Qxc2 b5 54. Qc6 Qb8 55. Qd6 Qe8 56. e6 Qxh5 57. Qf8+ Kh7 58. e7 Qe5+ 59.
Kf3 Qc3+ 1/2-1/2

[Event "I Open Distrito de Chamartin 2012"]
[Site "Madrid ESP"]
[Date "2012.09.15"]
[Round "9.21"]
[White "Abul, Qasem"]
[Black "Lozano Sanchez, Jose Antonio"]
[Result "0-1"]
[WhiteElo "2030"]
[BlackElo "1873"]
[PlyCount "106"]
[EventDate "2012.09.09"]
[EventType "swiss"]
[EventRounds "9"]
[EventCountry "ESP"]
[Source "lmi"]
[SourceDate "2012.09.09"]

1. d4 d5 2. c4 c6 3. Nc3 Nf6 4. Nf3 Bf5 5. Bg5 Nbd7 6. e3 h6 7. Bh4 e6 8. Bd3
Bxd3 9. Qxd3 Be7 10. O-O Nh5 11. Bxe7 Qxe7 12. e4 dxc4 13. Qxc4 Nb6 14. Qd3 Nf6
15. e5 Nfd5 16. Ne4 O-O 17. a4 a5 18. Rfc1 Nb4 19. Qd2 N6d5 20. Rc5 b6 21. Rc4
Rac8 22. Rac1 Rc7 23. h4 Na2 24. Rd1 Nab4 25. Kh2 Rd8 26. g4 f6 27. exf6 Nxf6
28. Qf4 Nbd5 29. Nxf6+ Qxf6 30. Qxf6 gxf6 31. Kg3 Kf7 32. Rdc1 Rdc8 33. g5 hxg5
34. hxg5 Ne7 35. Rh1 Rg8 36. Kg4 Rcc8 37. Rh6 Rg6 38. Rh1 Rcg8 39. b4 axb4 40.
Rxb4 Nd5 41. Rc4 Rc8 42. Rhc1 Ne7 43. Rb1 Nd5 44. a5 b5 45. Rxb5 Rgg8 46. Rb7+
Ne7 47. a6 fxg5 48. a7 Kf6 49. Ne5 Rh8 50. Kf3 g4+ 51. Ke4 Nf5 52. Nd7+ Kg5 53.
Nc5 Nd6+ 0-1

[Event "I Open Distrito de Chamartin 2012"]
[Site "Madrid ESP"]
[Date "2012.09.15"]
[Round "9.22"]
[White "De La Orden Alcocer, Alejandro"]
[Black "Garcia Galeote, Lorenzo"]
[Result "1-0"]
[WhiteElo "1857"]
[BlackElo "2013"]
[PlyCount "97"]
[EventDate "2012.09.09"]
[EventType "swiss"]
[EventRounds "9"]
[EventCountry "ESP"]
[Source "lmi"]
[SourceDate "2012.09.09"]

1. c4 b6 2. Nf3 Bb7 3. g3 e6 4. Bg2 f5 5. b3 Nf6 6. Bb2 Be7 7. d3 O-O 8. O-O d6
9. Nbd2 e5 10. b4 Nbd7 11. Qb3 Qe8 12. d4 exd4 13. Nxd4 Bxg2 14. Kxg2 Qh5 15.
Qf3 Qxf3+ 16. N2xf3 Ne4 17. Ne6 Rf7 18. Nxc7 Rc8 19. Nd5 Rxc4 20. Rac1 Rxc1 21.
Rxc1 Ndf6 22. Rc8+ Bf8 23. Nf4 Re7 24. Nd4 Re8 25. Rxe8 Nxe8 26. Nxf5 g6 27.
Ne3 Kf7 28. f3 N4f6 29. Ned5 Bg7 30. Nxf6 Bxf6 31. Bxf6 Kxf6 32. e4 Ke5 33. Kf2
Kd4 34. Nd5 Kd3 35. h4 Kc2 36. f4 Kb2 37. a4 Kb3 38. f5 Kxa4 39. Ke3 Kb5 40.
Kd3 a5 41. bxa5 bxa5 42. f6 Nxf6 43. Nxf6 h5 44. Nd5 Kc5 45. Kc3 a4 46. Ne7 a3
47. Nxg6 a2 48. Kb2 Kd4 49. Nf4 1-0

[Event "I Open Distrito de Chamartin 2012"]
[Site "Madrid ESP"]
[Date "2012.09.15"]
[Round "9.23"]
[White "Corredor San Jose, Antonio"]
[Black "Rodriguez Gomez, Vicente"]
[Result "1-0"]
[WhiteElo "1838"]
[BlackElo "1992"]
[PlyCount "133"]
[EventDate "2012.09.09"]
[EventType "swiss"]
[EventRounds "9"]
[EventCountry "ESP"]
[Source "lmi"]
[SourceDate "2012.09.09"]

1. e4 e5 2. Nc3 Nf6 3. g3 d5 4. exd5 Bb4 5. Bg2 O-O 6. a3 Ba5 7. Nge2 c6 8.
dxc6 Nxc6 9. d3 Bg4 10. O-O Nd4 11. f3 Be6 12. Kh1 Rc8 13. Bg5 h6 14. Bxf6 Qxf6
15. Nxd4 exd4 16. Ne4 Qd8 17. f4 f5 18. Nd2 Bd5 19. b4 Bb6 20. Rc1 a5 21. Bxd5+
Qxd5+ 22. Qf3 Qxf3+ 23. Rxf3 Rc3 24. Nc4 Bc7 25. b5 Re8 26. Kg2 Re6 27. Rf2 Bd6
28. a4 Bb4 29. Kf1 Kf7 30. Rb1 Ke7 31. Rb2 Kd7 32. Re2 Rxe2 33. Kxe2 Ke6 34.
Kf3 g5 35. fxg5 hxg5 36. b6 g4+ 37. Kf2 Kd5 38. Ke2 Kc6 39. Kd1 Rxc4 40. dxc4
Kxb6 41. Ke2 Kc5 42. Kd3 b6 43. Rb1 Kd6 44. Kxd4 Bc5+ 45. Kd3 Ke5 46. Re1+ Kf6
47. Re2 Kg5 48. Re8 Bg1 49. Ke2 Bc5 50. Re6 Bg1 51. Kf1 Bd4 52. c3 Bc5 53. Kg2
Kh5 54. Rc6 Kg5 55. h4+ gxh3+ 56. Kxh3 Be3 57. Re6 Bc5 58. Re5 Kf6 59. Rd5 Ke6
60. Kg2 Kf6 61. Kf3 Ba3 62. Ke3 Bc5+ 63. Kf4 Kg6 64. Rxf5 Bd6+ 65. Ke4 Bxg3 66.
c5 b5 67. axb5 1-0

[Event "I Open Distrito de Chamartin 2012"]
[Site "Madrid ESP"]
[Date "2012.09.15"]
[Round "9.24"]
[White "Juberias Guillen, Paloma"]
[Black "Rodriguez Dorado, Victor"]
[Result "1-0"]
[WhiteElo "1788"]
[BlackElo "1958"]
[PlyCount "71"]
[EventDate "2012.09.09"]
[EventType "swiss"]
[EventRounds "9"]
[EventCountry "ESP"]
[Source "lmi"]
[SourceDate "2012.09.09"]

1. d4 Nf6 2. c4 g6 3. Nc3 Bg7 4. e4 d6 5. f3 O-O 6. Be3 Nbd7 7. Qd2 c5 8. d5
Re8 9. g4 Nf8 10. Bh6 Bh8 11. h4 e6 12. h5 exd5 13. cxd5 a6 14. Nge2 b5 15. Ng3
b4 16. Nce2 Bb7 17. Nf4 N6d7 18. hxg6 fxg6 19. Ne6 Nxe6 20. dxe6 Nb6 21. Bg5
Qc7 22. e7 Rxe7 23. Bxe7 Qxe7 24. O-O-O Qe5 25. Qh2 Bg7 26. Qxh7+ Kf8 27. Qh2
c4 28. Qf2 Na4 29. f4 Qb5 30. b3 Nc3 31. Bxc4 Qa5 32. Rxd6 Qa3+ 33. Kd2 Bxe4
34. Qc5 Qb2+ 35. Ke3 Na4 36. Rd8# 1-0

[Event "I Open Distrito de Chamartin 2012"]
[Site "Madrid ESP"]
[Date "2012.09.15"]
[Round "9.26"]
[White "Narro Jimenez, Jose Reyes"]
[Black "Camara Cozar, David"]
[Result "0-1"]
[WhiteElo "1835"]
[BlackElo "2077"]
[PlyCount "116"]
[EventDate "2012.09.09"]
[EventType "swiss"]
[EventRounds "9"]
[EventCountry "ESP"]
[Source "lmi"]
[SourceDate "2012.09.09"]

1. e4 e5 2. Nf3 Nc6 3. Bb5 a6 4. Ba4 Nf6 5. O-O Nxe4 6. Re1 Nc5 7. Bxc6 dxc6 8.
Nxe5 Be7 9. d4 Ne6 10. Be3 O-O 11. Nc3 Re8 12. Qd2 Nf8 13. Rad1 Be6 14. a3 Nd7
15. Qe2 Nf6 16. h3 Nd5 17. Ne4 Nxe3 18. Qxe3 Bf5 19. Qf4 Be6 20. Rd3 f6 21. Nf3
Bd6 22. Nxd6 Qxd6 23. Qxd6 cxd6 24. Rde3 Kf7 25. Nd2 Rad8 26. Ne4 h6 27. h4 b6
28. c3 b5 29. Nd2 a5 30. f4 a4 31. Kf2 c5 32. Nf3 Rb8 33. dxc5 dxc5 34. Nd2
Rbd8 35. Ne4 Rd5 36. Ng3 Rd2+ 37. R3e2 Rxe2+ 38. Rxe2 Rd8 39. Ne4 Rd5 40. Rd2
Rxd2+ 41. Nxd2 Bd5 42. g3 h5 43. Nf1 Ke6 44. Ne3 Be4 45. Nf1 Bd3 46. Ne3 Kd6
47. Nd1 Kd5 48. Ne3+ Ke4 49. Nd1 Bc4 50. Ne3 Kd3 51. Nd1 Kd2 52. Ne3 Kc1 53.
Ke1 Kxb2 54. Kd2 Kxa3 55. Kc2 Ka2 56. Nxc4 bxc4 57. f5 a3 58. Kc1 Kb3 0-1

[Event "I Open Distrito de Chamartin 2012"]
[Site "Madrid ESP"]
[Date "2012.09.15"]
[Round "9.28"]
[White "Garcia Saez, Juan Carlos"]
[Black "Useche Ramirez, Maryorit K"]
[Result "1-0"]
[WhiteElo "2004"]
[BlackElo "1788"]
[PlyCount "95"]
[EventDate "2012.09.09"]
[EventType "swiss"]
[EventRounds "9"]
[EventCountry "ESP"]
[Source "lmi"]
[SourceDate "2012.09.09"]

1. e4 e5 2. Nf3 Nc6 3. Bb5 a6 4. Ba4 b5 5. Bb3 Bc5 6. c3 d6 7. d4 exd4 8. cxd4
Bb4+ 9. Nc3 Nf6 10. O-O Bg4 11. e5 dxe5 12. dxe5 Qxd1 13. Bxd1 Nd7 14. Nd5 Ba5
15. Bf4 O-O 16. Rc1 Nd8 17. b4 Bb6 18. h3 Bh5 19. g4 Bg6 20. Nxb6 Nxb6 21. Bb3
Ne6 22. Be3 Be4 23. Nd4 Nxd4 24. Bxd4 Bd3 25. Rfd1 Bc4 26. Bxb6 Bxb3 27. axb3
cxb6 28. Rc6 Rfc8 29. Rxb6 Rc3 30. Rxa6 Re8 31. Kg2 Rxb3 32. Rd4 Kf8 33. Ra7
Rxe5 34. Rd8+ Re8 35. Rdd7 Rxb4 36. Rxf7+ Kg8 37. Rxg7+ Kh8 38. Rxh7+ Kg8 39.
Rag7+ Kf8 40. Rb7 Kg8 41. Rh5 Rf8 42. Rbxb5 Rd4 43. Rbg5+ Kf7 44. Rf5+ Kg7 45.
Rxf8 Kxf8 46. Rh7 Kg8 47. Ra7 Rd3 48. h4 1-0

[Event "I Open Distrito de Chamartin 2012"]
[Site "Madrid ESP"]
[Date "2012.09.15"]
[Round "9.29"]
[White "Marcos Herrero, Francisco"]
[Black "Moreno Zamora, Gregorio"]
[Result "1/2-1/2"]
[WhiteElo "1937"]
[BlackElo "1724"]
[PlyCount "103"]
[EventDate "2012.09.09"]
[EventType "swiss"]
[EventRounds "9"]
[EventCountry "ESP"]
[Source "lmi"]
[SourceDate "2012.09.09"]

1. d4 d5 2. c4 e6 3. Nf3 Nf6 4. g3 b6 5. Bg2 Bb7 6. O-O dxc4 7. Nc3 Nbd7 8. Qa4
Be7 9. Ne5 Bxg2 10. Kxg2 O-O 11. Nc6 Qe8 12. Qxc4 Nb8 13. Nxe7+ Qxe7 14. e4 c5
15. d5 exd5 16. exd5 Nbd7 17. Bf4 Nh5 18. Rfe1 Nxf4+ 19. Qxf4 Qf6 20. Qxf6 Nxf6
21. Re7 Rfd8 22. Rae1 g6 23. Rb7 Nxd5 24. Nxd5 Rxd5 25. Ree7 Rf8 26. Rxa7 c4
27. Rec7 Rb5 28. Rxc4 Rxb2 29. a4 b5 30. Rcc7 bxa4 31. Rxa4 Rbb8 32. g4 Rbc8
33. Rb7 Rb8 34. Raa7 Rxb7 35. Rxb7 Ra8 36. g5 Ra5 37. h4 Kg7 38. Kg3 Rf5 39. f4
h6 40. Kf3 hxg5 41. hxg5 Kg8 42. Ke4 Kf8 43. Rd7 f6 44. Rd6 fxg5 45. Rxg6 Rxf4+
46. Ke3 Rf5 47. Ke4 Ra5 48. Kf3 Kf7 49. Rb6 Kg7 50. Kg4 Kf7 51. Rc6 Kg7 52. Rb6
1/2-1/2

[Event "I Open Distrito de Chamartin 2012"]
[Site "Madrid ESP"]
[Date "2012.09.15"]
[Round "9.30"]
[White "Lopez Ziegler, Carlos"]
[Black "Cerrato Torrijos, Javier"]
[Result "1-0"]
[WhiteElo "1918"]
[BlackElo "1718"]
[PlyCount "121"]
[EventDate "2012.09.09"]
[EventType "swiss"]
[EventRounds "9"]
[EventCountry "ESP"]
[Source "lmi"]
[SourceDate "2012.09.09"]

1. e4 c5 2. Nf3 d6 3. d4 cxd4 4. Nxd4 Nc6 5. Nc3 Nf6 6. Be3 g6 7. f3 Bg7 8. Qd2
O-O 9. O-O-O Bd7 10. h4 a6 11. h5 b5 12. hxg6 fxg6 13. Nxc6 Bxc6 14. Bh6 Rf7
15. e5 Bxh6 16. Qxh6 Nh5 17. Bd3 Qf8 18. Qg5 Rg7 19. exd6 exd6 20. Be4 Bxe4 21.
Nxe4 Qf4+ 22. Qxf4 Nxf4 23. g3 Nh5 24. g4 Nf4 25. Rxd6 Rc8 26. Rxa6 Ne2+ 27.
Kb1 Nd4 28. Nd6 Rd8 29. f4 Rgd7 30. Ne4 Rc7 31. c3 Nf3 32. Rd6 Rxd6 33. Nxd6
Nd2+ 34. Kc2 Nc4 35. Nxc4 Rxc4 36. Rf1 Kf7 37. Kd3 Ke6 38. Re1+ Kd6 39. Re4 Rc7
40. g5 Ra7 41. a3 Rc7 42. c4 bxc4+ 43. Rxc4 Rb7 44. b4 Ra7 45. Rc3 Rf7 46. Ke4
Re7+ 47. Kd4 Rf7 48. Rf3 Kc6 49. a4 Ra7 50. Rc3+ Kb6 51. Ra3 Rf7 52. Ke4 Re7+
53. Kf3 Rc7 54. Re3 Ka6 55. Re6+ Kb7 56. a5 Rc3+ 57. Kg4 Rc4 58. b5 Rc5 59. a6+
Ka7 60. Re7+ Kb6 61. Rb7+ 1-0